Sports Quiz

Random Sports or Basketball Quiz

NBA Top Rebounders By Year (Pre-1980) Quiz Stats

 Plays Quiz not verified by Sporcle

Support Sporcle.
Go Orange.
Score 0/150 Timer 10:00
0 Plays Today
Year Player % Correct
1972-73Wilt Chamberlain
98.8%
1971-72Wilt Chamberlain
98.8%
1970-71Wilt Chamberlain
98.8%
1968-69Wilt Chamberlain
98.8%
1967-68Wilt Chamberlain
98.8%
1966-67Wilt Chamberlain
98.8%
1965-66Wilt Chamberlain
98.8%
1964-65Wilt Chamberlain
98.8%
1963-64Wilt Chamberlain
98.8%
1962-63Wilt Chamberlain
98.8%
1961-62Wilt Chamberlain
98.8%
1960-61Wilt Chamberlain
98.8%
1959-60Wilt Chamberlain
98.8%
1968-69Bill Russell
97.9%
1967-68Bill Russell
97.9%
1966-67Bill Russell
97.9%
1965-66Bill Russell
97.9%
1964-65Bill Russell
97.9%
1963-64Bill Russell
97.9%
1962-63Bill Russell
97.9%
1961-62Bill Russell
97.9%
1960-61Bill Russell
97.9%
1959-60Bill Russell
97.9%
1958-59Bill Russell
97.9%
1957-58Bill Russell
97.9%
1956-57Bill Russell
97.9%
1978-79Kareem Abdul-Jabbar
96%
1976-77Kareem Abdul-Jabbar
96%
1975-76Kareem Abdul-Jabbar
96%
1974-75Kareem Abdul-Jabbar
96%
1973-74Kareem Abdul-Jabbar
96%
1972-73Kareem Abdul-Jabbar
96%
1971-72Kareem Abdul-Jabbar
96%
1970-71Kareem Abdul-Jabbar
96%
1969-70Kareem Abdul-Jabbar
96%
1953-54George Mikan
91.6%
1952-53George Mikan
91.6%
1951-52George Mikan
91.6%
1950-51George Mikan
91.6%
1977-78Elvin Hayes
89.1%
1973-74Elvin Hayes
89.1%
1970-71Elvin Hayes
89.1%
1969-70Elvin Hayes
89.1%
1968-69Elvin Hayes
89.1%
1963-64Bob Pettit
88.9%
1962-63Bob Pettit
88.9%
1961-62Bob Pettit
88.9%
1960-61Bob Pettit
88.9%
1959-60Bob Pettit
88.9%
1958-59Bob Pettit
88.9%
Year Player % Correct
1957-58Bob Pettit
88.9%
1956-57Bob Pettit
88.9%
1955-56Bob Pettit
88.9%
1954-55Bob Pettit
88.9%
1979-80Moses Malone
88.7%
1978-79Moses Malone
88.7%
1977-78Moses Malone
88.7%
1976-77Moses Malone
88.7%
1979-80Wes Unseld
88.5%
1975-76Wes Unseld
88.5%
1974-75Wes Unseld
88.5%
1972-73Wes Unseld
88.5%
1971-72Wes Unseld
88.5%
1970-71Wes Unseld
88.5%
1969-70Wes Unseld
88.5%
1968-69Wes Unseld
88.5%
1964-65Willis Reed
86.2%
1976-77Bill Walton
82.3%
1977-78Dave Cowens
80.6%
1975-76Dave Cowens
80.6%
1974-75Dave Cowens
80.6%
1973-74Dave Cowens
80.6%
1972-73Dave Cowens
80.6%
1971-72Dave Cowens
80.6%
1962-63Elgin Baylor
79.8%
1960-61Elgin Baylor
79.8%
1959-60Elgin Baylor
79.8%
1958-59Elgin Baylor
79.8%
1959-60Dolph Schayes
79.1%
1958-59Dolph Schayes
79.1%
1957-58Dolph Schayes
79.1%
1956-57Dolph Schayes
79.1%
1955-56Dolph Schayes
79.1%
1954-55Dolph Schayes
79.1%
1953-54Dolph Schayes
79.1%
1952-53Dolph Schayes
79.1%
1951-52Dolph Schayes
79.1%
1950-51Dolph Schayes
79.1%
1972-73Nate Thurmond
78.7%
1971-72Nate Thurmond
78.7%
1968-69Nate Thurmond
78.7%
1967-68Nate Thurmond
78.7%
1966-67Nate Thurmond
78.7%
1965-66Nate Thurmond
78.7%
1964-65Nate Thurmond
78.7%
1970-71Jerry Lucas
78.3%
1967-68Jerry Lucas
78.3%
1966-67Jerry Lucas
78.3%
1965-66Jerry Lucas
78.3%
1964-65Jerry Lucas
78.3%
Year Player % Correct
1963-64Jerry Lucas
78.3%
1965-66Walt Bellamy
76.6%
1963-64Walt Bellamy
76.6%
1962-63Walt Bellamy
76.6%
1961-62Walt Bellamy
76.6%
1976-77Bob McAdoo
70.2%
1974-75Bob McAdoo
70.2%
1973-74Bob McAdoo
70.2%
1978-79Artis Gilmore
69.9%
1976-77Artis Gilmore
69.9%
1979-80Caldwell Jones
69.3%
1969-70Gus Johnson
68.1%
1975-76Paul Silas
59.9%
1955-56Neil Johnston
55.9%
1954-55Neil Johnston
55.9%
1952-53Neil Johnston
55.9%
1979-80Jack Sikma
55.3%
1978-79Jack Sikma
55.3%
1977-78Truck Robinson
54.9%
1979-80Swen Nater
46.3%
1977-78Swen Nater
46.3%
1957-58Maurice Stokes
42.8%
1956-57Maurice Stokes
42.8%
1955-56Maurice Stokes
42.8%
1960-61Bailey Howell
40.5%
1956-57Clyde Lovellette
34.7%
1955-56Clyde Lovellette
34.7%
1954-55Harry Gallatin
34.2%
1953-54Harry Gallatin
34.2%
1952-53Harry Gallatin
34.2%
1950-51Harry Gallatin
34.2%
1969-70Bill Bridges
33%
1966-67Bill Bridges
33%
1953-54Larry Foust
32.4%
1951-52Larry Foust
32.4%
1961-62Red Kerr
30.9%
1958-59Red Kerr
30.9%
1957-58Red Kerr
30.9%
1975-76Sam Lacey
30.5%
1974-75Sam Lacey
30.5%
1973-74Happy Hairston
24%
1951-52Arnie Risen
22.8%
1950-51Arnie Risen
22.8%
1967-68Clyde Lee
19.2%
1954-55Ray Felix
18.2%
1953-54Ray Felix
18.2%
1950-51Alex Groza
15.2%
1952-53Mel Hutchins
12.9%
1951-52Mel Hutchins
12.9%
1978-79Rich Kelley
10.4%

You're not logged in!

Compare scores with friends on all Sporcle quizzes.
OR
Log In

From the Vault

MLB 10,000 ABs, .300 Avg

by puckett86

It's amazing how success can be measured by something so average.
Remove Ads.
Support Sporcle.
Get the best of Sporcle when you Go Orange. This ad-free experience offers more features, more stats, and more fun while also helping to support Sporcle. Thank you for becoming a member.

Show Comments

Extras

Top Quizzes Today


Score Distribution

Your Account Isn't Verified!

In order to create a playlist on Sporcle, you need to verify the email address you used during registration. Go to your Sporcle Settings to finish the process.

Report this User

Report this user for behavior that violates our Community Guidelines.

Details: